Alles gute!.

Guardado en:
Formato: Deslizar
Materias:
Etiquetas: Agregar Etiqueta
Sin Etiquetas, Sea el primero en etiquetar este registro!
LEADER 00792ngm a22001935g 4500
001 CEM.cems022111
008 130507b1994##################0###0#####d
005 20241004153429.0
245 0 0 |a Alles gute!. 
300 |a 162'. 
500 |a En soporte VHS, consultar en ventanilla. 
505 0 |a 11.Wir warten...(H0000) 12.W„re...(H0916) 13.Es wird...(H1646) 14.Wurden sie...(H2287) 15.Ich weis...(H2830) 16.Sie ist...(H3340) 17.Wir k"nnten...(H3798) 18.Sich bewegen...(H4250) 19.Ich schlief...(H4672) 20.Wenn sie..(H5046) 
538 |a Soporte: VHS - Norma: Pal N - Color - Grabación DRD 1994 - Hitachi=0000 
082 4 3 |/ ALL-2 
653 |a LENGUA 
653 |a IDIOMA 
653 |a ALEMAN 
653 |a NIVEL SECUNDARIO 
859 |a CEMS  |b BIB. CEMS - Depto. Recursos Didacticos  |h 433  |i ALL-2  |k DRD  |p 754.12  |t Ej.1